[Event "Morelia/Linares 24th"]
[Site "Morelia/Linares"]
[Date "2007.03.10"]
[Round "14"]
[White "Leko, Peter"]
[Black "Carlsen, Magnus"]
[Result "1-0"]
[WhiteElo "2749"]
[BlackElo "2690"]
[Annotator "Marin,Mihail"]
[PlyCount "105"]
[EventDate "2007.02.17"]
[EventType "tourn"]
[EventRounds "14"]
[EventCountry "ESP"]
[EventCategory "20"]
[SourceTitle "CBM 117"]
[Source "ChessBase"]
[SourceDate "2007.03.30"]
[SourceVersion "1"]
[SourceVersionDate "2007.03.30"]
[SourceQuality "1"]

1. d4 Nf6 2. Nf3 e6 3. c4 b6 4. g3 Bb4+ 5. Bd2 Bxd2+ 6. Qxd2 Ba6 7. b3 {This combination between ...a6 and ...b4+ is not very popular nowadays.} O-O ({Recently, there have been a couple of games with the rather ambitious continuation} 7... c5 8. Bg2 d5 9. Nc3 Nc6 10. cxd5 exd5 11. O-O O-O 12. dxc5 bxc5 {(This position can be reached via several move orders, of course). The placement of the knight on c6 is slightly unusual for positions with hanging pawns (...a6 or ...bd7 are more popular ways of developing this knight), but here it seems to make sense because of Black's general activity.} 13. Rfd1 (13. Rfe1 Re8 14. Nh4 Qa5 15. Rad1 Rad8 16. Nf5 $6 (16. Nxd5 Qxd2 17. Rxd2 Nxd5 18. Rxd5 Rxd5 19. Bxd5 Nb4 $132 {[%csl Ya2,Ye2]}) 16... Re5 $132 17. Nxd5 $2 Qxd2 18. Rxd2 Nxd5 {0-1 Zubarev,A (2074)-Kengis,E (2589)/Polanica Zdroj 2000/EXT 2001}) (13. Nh4 Rc8 14. Rac1 Re8 15. Rfe1 d4 16. Na4 c4 17. bxc4 Ne5 18. Nb2 (18. c5 d3 $132 19. e3 $2 Nc4 $17) 18... Nxc4 19. Nxc4 Rxc4 20. Rxc4 Bxc4 21. Nf5 d3 22. Ne3 Bb5 23. exd3 Qxd3 $11 {Gyimesi,Z (2614)-Pelletier,Y (2570)/Turin 2006/CBM 113 (½-½, 34)}) 13... d4 (13... Re8 $5) 14. Na4 Re8 (14... Ne4 $5 15. Qc2 Re8 16. Nxc5 $6 Nb4 $1 {[%csl Gc5]}) 15. Nxc5 Bxe2 16. Nxd4 $1 Nxd4 17. Bxa8 Bxd1 18. Rxd1 Re2 19. Qd3 Qxa8 20. Qxd4 $16 {Kempinski,R (2619)-Kengis,E (2528)/Hamburg 2005/CBM 108 ext (1-0, 40)}) 8. Nc3 d5 9. cxd5 exd5 10. Bg2 Re8 11. Ne5 c5 12. O-O Bb7 13. Rfd1 ({RR} 13. Qf4 Nbd7 14. Nxd7 Qxd7 15. dxc5 bxc5 16. e3 d4 17. Bxb7 Qxb7 18. exd4 cxd4 19. Qxd4 Rad8 20. Qf4 Rd3 21. Rac1 h5 22. Rfd1 Rf3 23. Qd4 Ng4 24. Qd5 Qxd5 25. Nxd5 Re2 26. Nc3 Rb2 27. Ne4 Rf5 {Kempinski,R (2590)-Carlsen,M (2690) Germany 2007 ½-½ (45)}) 13... Na6 (13... Qe7 {CBM 36-5.b3 b4 6.d2 d2 7.d2/Opening 1993/CBM 036/[Dautov]}) 14. Qf4 Nc7 $146 {Black must have been just too happy to threaten ...e6 with gain of tempo, probably overloking White's answer.} (14... Qc7 15. Nb5 $5 (15. Nc4 Rad8 16. Ne3 (16. Qxc7 Nxc7 17. dxc5 bxc5 18. Na5 Ba8 19. Na4 Rxe2 20. Nxc5 $14 {van der Wiel}) 16... Qxf4 17. gxf4 Nc7 $13 {Tukmakov,V (2590)-Van der Wiel,J (2540)/Rotterdam 1988/CBM 009 (½-½, 36)}) 15... Qe7 16. e3 (16. Ng4 Nxg4 17. Qxg4 Qxe2 18. Qxe2 Rxe2 19. Nd6 Bc6 20. Bf1 Re6 21. Nxf7 $1 $14 {Van der Wiel. Maybe too optimistic?!}) 16... Rec8 17. Bh3 Rd8 18. Rac1 Nb4 19. a4 $6 (19. Nc3 $14) 19... a6 20. Nc3 {Rovchakov,V-Arzumanyan,S/RUS corr 1991/Corr Nr. 1 (0-1, 34)} a5 $5 $13) ({RR} 14... Qc7 15. Nc4 Rad8 16. Ne3 Qxf4 17. gxf4 Nc7 18. dxc5 bxc5 19. Na4 Ba6 20. Rd2 d4 21. Nc4 Ne6 22. f5 Nf4 23. Bf3 Bxc4 24. bxc4 Re5 25. Rb1 Rxf5 26. Rb7 g5 27. e3 Nh3+ 28. Kg2 g4 29. Bc6 {Tukmakov,V (2590)-Van der Wiel,J (2590) Rotterdam 1988 ½-½ (33)}) 15. Ng4 $1 Nxg4 16. Qxg4 {White has obtained strong pressure against Black's hanging pawns. The exchange of two pairs of minor pieces favours him, by restricting Black's possibilities of counterplay in the centre.} Qf6 17. e3 Rad8 18. Rac1 Qe7 19. dxc5 bxc5 20. Qa4 Rd7 $5 ({An indirect way of defending the a7-pawn. However, placing the rook on d7 has a major drawback, as shown by Leko's next move.} 20... a6 21. Qa5 {, threatening Na4 would not have been much fun either.}) 21. Ne4 $1 ({Black would have obtained certain counterplay after} 21. Qxa7 Ne6 {, with the threat of d4.}) 21... d4 ({Black could not defend his centre anymore.} 21... Ne6 {loses the c5-pawn to} 22. Nxc5 $1 Nxc5 23. Rxc5) ({while} 21... c4 {drops an exchange to} 22. Nc5 $1) 22. exd4 Bxe4 23. Bxe4 {Since the d7-roo is hanging, White just won a pawn.} Ne6 24. d5 $5 {An ambitious move.} ({Leko might have feared that after} 24. dxc5 Rxd1+ 25. Rxd1 Nxc5 26. Qa3 $1 $16 {his winning chances would not be 100% sure. In case of 26...xe4 27.xc5. Of course,} Nxe4 $4 {is impossible because of} 27. Qxe7 Rxe7 28. Rd8+) 24... Nd4 {Black's counterplay should not be underestimated. The knight is very well placed, while the white queen is somewhat isolated from the rest of the army (notably, the king).} 25. Re1 Qd8 26. Kf1 Rde7 27. Bd3 {White has managed to avoid the knight forks on e2 and f3 and get out of the pin. However, Black has not exhausted his resources.} Qc8 28. g4 $3 ({This paradoxical move is the only way to prevent the deadly check on h3. Black cannot capture the pawn because of xe8!+ followed by mate; a curious way of coordinating White's queen with the other pieces. There was no time for the intermediate} 28. Rxe7 {because of} Qh3+ {when the king's return to g1 would be met by ...Nf3+ followed by mate, forcing him to go to the centre} 29. Ke1 Rxe7+ {with a powerful attack for Black.}) 28... Rxe1+ 29. Rxe1 Rf8 30. h3 {White has consolidates his position, maintaining his extra-pawn. However, the technical part is quite difficult, especially beacuse of the weaknesses induced by the move g4.} Qd8 31. Be4 Qb6 {Black should not have allowed the infiltration of the enemy queen to d7.} 32. Bg2 g6 33. Kg1 Kg7 34. Qd7 Rd8 35. Qe7 a5 36. Kh1 Nb5 37. Re6 Nd6 38. Qf6+ Kg8 39. Re7 {White has an extra-pawn and a strong attack. The game is practically decided, despite the mutual time trouble.} a4 $6 40. bxa4 $6 ({Just before the time control, Leko misses an immediate win with} 40. Rxf7 $1) 40... c4 41. Kh2 Qb8 42. f4 Qc8 43. Re3 Re8 44. Rxe8+ Nxe8 45. Qc6 Qxc6 46. dxc6 {Black has managed to exchange the intruders, but the ending is just as hopeless for him as the middlegame.} Kf8 47. Kg3 Ke7 48. Kf2 Kd6 49. Ke3 Kc5 50. g5 Nc7 51. a3 Ne6 52. Be4 c3 53. f5 1-0

[Event "Gausdal Classics GM"]
[Site "Gausdal"]
[Date "2007.04.26"]
[Round "9"]
[White "Carlsen, Magnus"]
[Black "Krasenkow, Michal"]
[Result "1-0"]
[WhiteElo "2693"]
[BlackElo "2661"]
[PlyCount "81"]
[EventDate "2007.04.18"]
[EventType "tourn"]
[EventRounds "9"]
[EventCountry "NOR"]
[EventCategory "12"]
[SourceTitle "CBM 118"]
[Source "ChessBase"]
[SourceDate "2007.05.31"]
[SourceVersion "1"]
[SourceVersionDate "2007.05.31"]
[SourceQuality "1"]

1. d4 d5 2. c4 e6 3. Nf3 c6 4. Nbd2 f5 5. g3 Nf6 6. Bg2 Bd6 7. O-O O-O 8. Ne5 b6 9. Ndf3 Ne4 10. Qc2 Bb7 11. b3 ({RR} 11. Nd3 Nd7 12. Bf4 Rc8 13. cxd5 cxd5 14. Qa4 Bc6 15. Qb3 Bxf4 16. Nxf4 Qe7 17. Rfc1 Bb7 18. h4 Rfe8 19. e3 Qd6 20. Bf1 a6 21. a3 Rc6 22. Qb4 Qc7 23. Rxc6 Qxc6 24. Ng5 Nxg5 25. hxg5 Nf8 {Mikhalevski,V (2488)-Krasenkow,M (2503) Porto Santo POR 2024 ½-½ (89)}) 11... a5 12. Bb2 $146 ({RR} 12. a3 Na6 13. Nd3 Qe7 14. Qb2 g5 15. Nfe5 Qg7 16. f3 Nf6 17. Bd2 c5 18. Bc3 Rac8 19. Rac1 Qe7 20. Qd2 Nh5 21. g4 Ng7 22. Rb1 Rfd8 23. h4 gxh4 24. Qh6 Bc7 25. Bd2 cxd4 26. Bg5 Qxa3 {Gosciniak,M (2188)-Kulon,K (2202) Warsaw 2010 0-1 (53)}) 12... Na6 13. a3 Qe7 14. Nd3 Rac8 15. e3 c5 16. Nde5 cxd4 17. exd4 a4 18. Qd3 Nb8 19. Rfc1 Nd7 20. cxd5 Bxd5 21. b4 Ndf6 22. Nc4 Qb7 23. Qe2 Ng4 24. Nfd2 Nxd2 25. Nxd6 Rxc1+ 26. Bxc1 Qc6 27. Qxe6+ Bxe6 28. Bxc6 Nb3 29. d5 Ne5 30. Rb1 Nd4 31. dxe6 Nexc6 32. b5 Ne7 33. Be3 Rd8 34. Nc4 Ne2+ 35. Kg2 Nc3 36. Re1 Nxb5 37. Bg5 Kf8 38. Re5 Nd6 39. Nxb6 h6 40. Be3 Ke8 41. Ra5 1-0

[Event "Porto Vecchio m of the Hopes"]
[Site "Porto Vecchio"]
[Date "2007.05.18"]
[Round "1"]
[White "Radjabov, Teimour"]
[Black "Carlsen, Magnus"]
[Result "1-0"]
[WhiteElo "2747"]
[BlackElo "2693"]
[PlyCount "89"]
[EventDate "2007.05.18"]
[EventType "match"]
[EventRounds "5"]
[EventCountry "FRA"]
[SourceTitle "CBM 118 Extra"]
[Source "ChessBase"]
[SourceDate "2007.07.04"]
[SourceVersion "1"]
[SourceVersionDate "2007.07.04"]
[SourceQuality "1"]

1. d4 Nf6 2. c4 e6 3. Nf3 b6 4. g3 Ba6 5. Nbd2 Bb4 6. Qc2 Bb7 7. Bg2 c5 8. dxc5 Bxc5 9. O-O Be7 10. b3 d6 11. Bb2 Nbd7 12. Rac1 ({RR} 12. e4 Qc7 13. Rfe1 O-O 14. e5 dxe5 15. Nxe5 Bxg2 16. Kxg2 Qb7+ 17. Kg1 Nxe5 18. Bxe5 Rfd8 19. Bc3 Rd7 20. Rad1 Rad8 21. Ne4 Ne8 22. Rxd7 Rxd7 23. Re2 h6 24. Rd2 Rxd2 25. Nxd2 Qd7 26. Qe4 Nf6 {Ostmoe,G (2356)-Carlsen,M (2673) Moss 2006 ½-½ (54)}) 12... Qc7 13. Rfe1 $146 ({RR} 13. e4 O-O 14. Nd4 a6 15. Rfe1 Rfe8 16. Qd1 Rac8 17. Nb1 Qb8 18. Nc3 Bf8 19. h3 Ba8 20. a4 g6 21. Rb1 Bg7 22. Ba1 {½-½ (22) Sakaev,K (2647)-Chuchelov,V (2591) Kallithea 2002}) 13... O-O 14. e4 a6 15. Qb1 Rac8 16. Nd4 Qb8 17. f4 Qa8 18. Bf3 Rfd8 19. g4 e5 20. Nf5 Bf8 21. g5 Ne8 22. Qa1 Nc5 23. Qb1 Ne6 24. Nf1 Nxf4 25. h4 b5 26. N1e3 bxc4 27. bxc4 g6 28. Ng3 f5 29. Kh2 Rb8 30. Qc2 fxe4 31. Bg4 Bc8 32. Ba1 Nd3 33. Rf1 Ng7 34. Rcd1 Qa7 35. Nxe4 Qxe3 36. Nf6+ Kh8 37. Rxd3 Qc5 38. Rd5 Qc7 39. c5 Bxg4 40. Nxg4 Qc6 41. Qd1 Ne6 42. cxd6 Bxd6 43. Rxd6 Rxd6 44. Bxe5+ Kg8 45. Nh6# 1-0

[Event "Porto Vecchio m of the Hopes"]
[Site "Porto Vecchio"]
[Date "2007.05.18"]
[Round "4"]
[White "Radjabov, Teimour"]
[Black "Carlsen, Magnus"]
[Result "1/2-1/2"]
[WhiteElo "2747"]
[BlackElo "2693"]
[PlyCount "173"]
[EventDate "2007.05.18"]
[EventType "match"]
[EventRounds "5"]
[EventCountry "FRA"]
[SourceTitle "CBM 118 Extra"]
[Source "ChessBase"]
[SourceDate "2007.07.04"]
[SourceVersion "1"]
[SourceVersionDate "2007.07.04"]
[SourceQuality "1"]

1. d4 {Schussler,Harry} Nf6 2. c4 e6 3. Nf3 b6 4. g3 Ba6 5. b3 Bb4+ 6. Bd2 Be7 7. Bg2 ({RR} 7. Nc3 d5 8. cxd5 Nxd5 ({RR} 8... exd5 9. Bg2 O-O 10. O-O c6 11. Qc2 Nbd7) 9. Nxd5 exd5 10. Bg2 O-O 11. O-O Nd7 12. Rc1 Re8 13. Re1 Bb7 14. Be3 a5 15. Qc2 Ba3 16. Rb1 Bd6) 7... c6 8. Bc3 ({RR} 8. Ne5 d5 9. a4 Nfd7 10. Nd3 dxc4 11. Nb4 cxb3 12. Nxa6 Nxa6 13. Qxb3 Rc8 14. O-O O-O 15. Nc3 Nf6) 8... d5 9. Ne5 Nfd7 ({RR} 9... Ne4 10. O-O Nxc3 11. Nxc3 O-O 12. cxd5 cxd5 13. Re1 Bb7 14. Qd2 Nd7 15. Nd3 Nf6 16. Qb2 Rc8 17. e3 Ba6 18. Bf1) 10. Nxd7 Nxd7 11. Nd2 O-O 12. O-O f5 ({RR} 12... Nf6 13. e4 b5 14. Re1 ({RR} 14. e5 Nd7 15. c5 b4 16. Bxb4 Bxf1 17. Nxf1 f6 18. exf6 Bxf6 19. f4 g5) 14... dxe4 15. Qc2 Qc7 16. Bb2) 13. Re1 Rc8 14. e3 ({RR} 14. Rc1 Nf6 15. Nf3 dxc4 16. Ne5 Nd5 17. bxc4 Nxc3 18. Rxc3 Bb4 19. Qd3 c5 20. d5 Bb7 21. Rd1 Bxc3 22. Qxc3 exd5 23. cxd5 Qd6 24. f4 b5 25. e4 fxe4 26. Bxe4 c4 27. Qc2 g6 28. h4 Rce8 {Timman,J (2590)-Karpov,A (2710) Brussels 1987 0-1 (38)}) ({RR} 14. f3 h5 15. e4 Rf6 16. exf5 exf5 17. f4 Rh6 18. cxd5 cxd5 19. Bxd5+ Kh8 20. Bb2 Nc5 21. Bc4 Nd3 22. Bxd3 Bxd3 23. Nf3 Be4 24. Ne5 Qd5 25. Rc1 Rxc1 26. Qxc1 h4 27. Re3 Kh7 28. Qc4 Qa8 {Yang,Y (2026)-Zhang,X (2070) Qiziwan CHN 2023 ½-½ (33)}) 14... Nf6 15. a3 Bd6 16. Qc2 $146 ({RR} 16. a4 Qe7 17. Bf1 Bb7 18. a5 c5 19. axb6 axb6 20. dxc5 Bxc5 21. Bxf6 Qxf6 22. Bg2 Rcd8 23. Qc1 Bb4 24. Rd1 dxc4 25. Bxb7 Rxd2 26. Qxc4 Rfd8 27. Rf1 Qe7 28. Bc8 Re8 29. Rad1 Rxd1 30. Rxd1 Bc5 {Portisch,L (2573)-Sax,G (2535) Zalaegerszeg 2004 ½-½ (58)}) ({RR} 16. Bb4 Rf7 17. Bxd6 Qxd6 18. Nf3 Rfc7 19. Ne5 c5 20. cxd5 Nxd5 21. Qd2 Nf6 22. Red1 cxd4 23. Qxd4 Qxd4 24. Rxd4 Rc1+ 25. Rd1 Rxa1 26. Rxa1 Rc3 27. b4 Bb5 28. a4 Be8 29. b5 Kf8 30. Nc6 Bxc6 {Murugan,K (2395)-Arkhipov,S (2510) Gausdal 1991 CBM 025 [Schussler,Harry] 0-1 (42)}) 16... g5 17. Nf3 g4 18. Nd2 Ne4 19. Bb4 h5 20. Rec1 h4 21. Nxe4 dxe4 22. Bxd6 Qxd6 23. b4 Qe7 24. Qc3 Qf6 25. a4 c5 26. dxc5 Qxc3 27. Rxc3 bxc5 28. b5 Bb7 29. Bf1 h3 30. a5 Rcd8 31. Rc2 Rd6 32. Be2 Rfd8 33. Kf1 Kg7 34. Ke1 e5 35. Rb2 Kf6 36. Rab1 a6 37. Bd1 Bc8 38. Ba4 Be6 39. Bb3 Rb8 40. Ba2 Ke7 41. bxa6 Rxb2 42. Rxb2 Rxa6 43. Rb5 Kd6 44. Bb3 Bd7 45. Rb6+ Rxb6 46. axb6 Be6 47. Kd2 Kc6 48. Kc3 Kxb6 49. Ba4 Ka5 50. Bb5 Kb6 51. Ba4 Kc7 52. Bc2 Bd7 53. Kb3 Kb6 54. Ka3 Ka5 55. Bd1 Bc6 56. Bc2 Bb7 57. Bd1 Bc8 58. Ba4 Ba6 59. Bd7 Bxc4 60. Bxf5 Be2 61. Kb3 Bf3 62. Kc4 Kb6 63. Bd7 Kc7 64. Bf5 Kd6 65. Kc3 Kd5 66. Bc8 Kc6 67. Be6 Kb5 68. Bd7+ Kb6 69. Bf5 Kc6 70. Kc4 Be2+ 71. Kb3 Kd5 72. Kc3 Bf3 73. Bc8 Kc6 74. Ba6 Kb6 75. Bc4 Ka5 76. Bd5 Ka4 77. Kc4 Ka3 78. Kc3 Ka4 79. Bb3+ Kb5 80. Bc4+ Kc6 81. Be6 Kd6 82. Bf5 Kd5 83. Bc8 Kd6 84. Bb7 Kc7 85. Bd5 Kd6 86. Bc4 Kc6 87. Be6 1/2-1/2

[Event "Porto Vecchio m of the Hopes"]
[Site "Porto Vecchio"]
[Date "2007.05.18"]
[Round "5"]
[White "Carlsen, Magnus"]
[Black "Radjabov, Teimour"]
[Result "0-1"]
[WhiteElo "2693"]
[BlackElo "2747"]
[PlyCount "68"]
[EventDate "2007.05.18"]
[EventType "match"]
[EventRounds "5"]
[EventCountry "FRA"]
[SourceTitle "CBM 118 Extra"]
[Source "ChessBase"]
[SourceDate "2007.07.04"]
[SourceVersion "1"]
[SourceVersionDate "2007.07.04"]
[SourceQuality "1"]

1. d4 f5 2. Nc3 Nf6 3. Bg5 d5 4. Bxf6 exf6 5. e3 c6 6. Qf3 Be6 7. Bd3 g6 8. h3 Nd7 9. g4 fxg4 10. hxg4 Bf7 11. Nge2 ({RR} 11. O-O-O Qc7 12. e4 dxe4 13. Qxe4+ Be7 14. Re1 O-O 15. Qe3 Bd6 16. Nge2 Rfe8 17. Qh3 Nf8 18. Ne4 Be7 19. Qf3 Qa5 20. a3 Kg7 21. N2g3 Rad8 22. Nf5+ gxf5 23. gxf5 Rxd4 24. Reg1+ Ng6 25. Qh5 Rh8 {Kuzubov,Y (2597)-Blokhin,S (2019) Tallinn EST 2025 1-0 (31)}) 11... Qb6 ({RR} 11... b5 12. Nf4 b4 13. Nce2 Bg7 14. Ng3 Qa5 15. Kf1 O-O-O 16. Kg2 Qc7 17. a3 Ne5 18. dxe5 fxe5 19. Nh3 e4 20. Nxe4 dxe4 21. Bxe4 Bxb2 22. axb4 Bxa1 23. Rxa1 Rhf8 24. Nf4 Bd5 25. Bxd5 cxd5 26. Ra5 {Carlsen,M (2567)-Agdestein,S (2614) Bergen 2004 1-0 (37)}) 12. O-O-O O-O-O 13. Nf4 $146 ({RR} 13. Rh3 h6 14. Rdh1 Rg8 15. Kb1 Kb8 16. Na4 Qc7 17. Nc1 b5 18. Nc3 a5 19. a4 b4 20. N3e2 Nb6 21. Qxf6 Bg7 22. Qf4 Nxa4 23. Nb3 g5 24. Qxc7+ Kxc7 25. Nxa5 c5 26. dxc5 Nxc5 27. Nd4 Nxd3 {Khomeriki,N (2319)-Neverov,V (2448) Chess.com INT 2020 1-0 (46)}) ({RR} 13. Rh3 h6 14. Rdh1 Rg8 15. Kb1 Kb8 16. Na4 Qc7 17. Nc1 b5 18. Nc3 a5 19. a4 b4 20. N3e2 Nb6 21. Qxf6 Bg7 22. Qf4 Nxa4 23. Nb3 g5 24. Qxc7+ Kxc7 25. Nxa5 c5 26. dxc5 Nxc5 27. Nd4 Nxd3 {Khomeriki,N (2319)-Neverov,V (2448) Chess.com INT 2020 1-0 (46)}) 13... Bb4 14. Nce2 Qa5 15. Kb1 Bd6 16. c3 b5 17. e4 dxe4 18. Bxe4 Qxa2+ 19. Kc1 Kc7 20. Bxc6 Qa1+ 21. Kc2 Bb3+ 22. Kd2 Qxb2+ 23. Ke1 Bxd1 24. Kxd1 Qb3+ 25. Kd2 Qa2+ 26. Kd1 Qb3+ 27. Kd2 Qa2+ 28. Ke3 Rhe8+ 29. Be4 f5 30. gxf5 gxf5 31. Ra1 Qxa1 32. Nd5+ Kb8 33. Qxf5 Qa5 34. Kf3 Rf8 0-1

[Event "Candidates sf"]
[Site "Elista"]
[Date "2007.05.28"]
[Round "1.2"]
[White "Aronian, Levon"]
[Black "Carlsen, Magnus"]
[Result "1/2-1/2"]
[WhiteElo "2759"]
[BlackElo "2693"]
[PlyCount "41"]
[EventDate "2007.05.27"]
[EventType "k.o."]
[EventRounds "12"]
[EventCountry "RUS"]
[SourceTitle "CBM 119"]
[Source "ChessBase"]
[SourceDate "2007.08.01"]
[SourceVersion "1"]
[SourceVersionDate "2007.08.01"]
[SourceQuality "1"]

1. d4 Nf6 2. c4 c5 3. d5 b5 4. cxb5 a6 5. bxa6 g6 6. Nc3 Bxa6 7. g3 d6 8. Bg2 Bg7 9. Nf3 Nbd7 10. Rb1 Qa5 11. O-O Nb6 12. a3 Nc4 13. b4 Qc7 14. Qa4+ Nd7 15. Nb5 $146 ({RR} 15. Qc6 Qxc6 16. dxc6 Bxc3 17. cxd7+ Kxd7 18. bxc5 dxc5 19. Rd1+ Nd6 20. Rb3 Bg7 21. e4 f6 22. e5 fxe5 23. Re3 e4 24. Rxe4 Bb7 25. Re2 Rae8 26. Bf4 Bxf3 27. Bxf3 Bd4 28. Be5 Bxe5 29. Rxe5 c4 {Savage,B (2332)-Chytilek,R (2399) Brno 2007 ½-½ (35)}) 15... Qb8 16. bxc5 Bxb5 17. Qxb5 Qxb5 18. Rxb5 Nxc5 19. Nd2 Nxa3 20. Bxa3 Rxa3 21. Ne4 1/2-1/2

[Event "Candidates sf"]
[Site "Elista"]
[Date "2007.05.31"]
[Round "1.4"]
[White "Aronian, Levon"]
[Black "Carlsen, Magnus"]
[Result "1-0"]
[WhiteElo "2759"]
[BlackElo "2693"]
[Annotator "Krasenkow,Michal"]
[PlyCount "79"]
[EventDate "2007.05.27"]
[EventType "k.o."]
[EventRounds "12"]
[EventCountry "RUS"]
[SourceTitle "CBM 119"]
[Source "ChessBase"]
[SourceDate "2007.08.01"]
[SourceVersion "1"]
[SourceVersionDate "2007.08.01"]
[SourceQuality "1"]

1. d4 Nf6 2. Nf3 e6 3. c4 Bb4+ 4. Nbd2 b6 5. a3 Bxd2+ 6. Qxd2 Bb7 7. e3 O-O 8. b4 d5 $6 {Quite illogical. Black opens up the position against White's bishop pair...} (8... d6 {is common.}) 9. Bb2 Nbd7 10. Bd3 dxc4 11. Bxc4 c5 12. O-O Rc8 13. Qe2 Qe7 $146 (13... Rc7 14. dxc5 bxc5 15. b5 Qe7 16. Rfd1 e5 17. Nd2 e4 18. Nf1 (18. Nb3 $5) 18... Ne5 19. Ng3 g6 20. Rd2 h5 21. h3 h4 22. Nf1 $14 {½-½ Huss,A-Karlsson,P/Graz 1972/MCD (42)}) ({RR} 13... Rc7 14. dxc5 bxc5 15. b5 Qe7 16. Rfd1 e5 17. Nd2 e4 18. Nf1 Ne5 19. Ng3 g6 20. Rd2 h5 21. h3 h4 22. Nf1 Nf3+ 23. gxf3 exf3 24. Qd3 Ne4 25. Nh2 Qg5+ 26. Ng4 Kh7 27. Kh2 f5 28. Qd7+ {Huss,A (2360)-Karlsson,P Graz 1972 ½-½ (43)}) 14. Rfc1 cxd4 15. Nxd4 h6 16. Ba6 {[%mdl 32] Trading one of the bishops but weakening light squares in Black's camp.} Bxa6 17. Qxa6 Rxc1+ 18. Rxc1 Nb8 19. Qc4 {[%csl Rb8][%cal Gc1c8]} Rd8 20. h3 Ne8 21. b5 Rd5 22. Qe2 Rc5 23. Rd1 Rc8 24. Qf3 Rd8 25. Rc1 Nd6 26. a4 e5 $6 {Black can't stand the pressure and tries to break through. As often happens, it leads to new weaknesses.} 27. Nf5 (27. Nc6 Nxc6 28. bxc6 Ne8 29. Qe4 f6 30. f4 $1 $16 {is another attractive option.}) 27... Nxf5 28. Qxf5 f6 29. Qe4 {Black can't defend all his weaknesses, from the a7 pawn to his weak kingside. White needn't hurry, his only concern is to prevent Black's b8 knight entering the game.} Qf7 30. Ba3 Kh8 31. Kh2 Kg8 32. Bd6 $1 Qd7 33. Bc7 Rf8 34. Rc2 (34. Qb7 $5) (34. Qa8 $5) 34... Re8 35. Rc4 (35. Qa8 $18) 35... Qf7 36. Bd6 Rd8 $6 (36... Qd7 $8 $16) 37. Rc7 Nd7 38. Qc6 Qe6 39. Rxa7 Kf7 40. Qxb6 {An instructive game!} 1-0